000 01039nam a22003137a 4500
001 BR7705825
003 BR-BrBNA
005 20230928085508.0
007 ta
008 230509b bl.||||| |||| 00| 0 por d
040 _aBR-BrBNA
_bpor
_cBiblioteca Nacional de Agricultura
041 _a(Eng, Por)
072 _aQ03; L73; Q52
_b4100
_b/G514
090 _ 4100 BR7705825
110 1 _aSociedade Brasileira de Microbiologia, Rio de Janeiro, RJ (Brasil);
_99775
110 1 _aUniversidade do Estado do Rio de Janeiro, Rio de Janeiro (Brasil)
111 1 _a8. Congresso Brasileiro de Microbiologia
_cRio de Janeiro, RJ (Brazil)
_d24-28 Jul 1977
245 1 _aTemas livres. 8. Congresso Brasileiro de Microbiologia
260 3 _aRio de Janeiro, RJ (Brasil):
_c1977.
300 _a121 p.
650 _aMICROBIOLOGIA DE ALIMENTO
650 _aRACAO
650 _aDOENCA ANIMAL
650 _aINFECCAO
650 _aANALISE BACTERIOLOGICA
650 _aPOPULACAO MICROBIANA
909 _a202309
_bLucia
_c55
_dLucia Elande
942 _cBK
999 _c24746
_d24746